00533cam a22002051 4500001001300000003000400013005001700017008004100034010001700075035002000092040002100112042001200133050002000145100002100165245002800186260005500214300002000269752002100289999001700310he 68001077 DLC20260227111457.0840529s1967 is 000 0 heb  ahe 68001077  a(OCoLC)19137978 aDLCcMHdCUdDLC apremarc00aPJ5054.S265bB41 aShadmi, Ḥanan.10aBe-ron ṭal :bshirim. a[Tel Aviv] :bMaḥbarot le-sifrutc[1967 or 1968] a95 p. ;c18 cm. aIsraeldTel Aviv c33190d33190